000 00629nam a2200181 a 4500
001 000041154
005 20201002034649.0
008 130920s1989 sp 000 0 spa d
020 _a8485861094
040 _aDO-SdBNP
_bspa
_cBNPHU
082 _axxx
_bxxx
100 1 _aHernández Sanchez-Barba, Mario
_967700
245 1 3 _aLa Corona y el descubrimiento de América. /
_cMario Hernández Sanchez-Barba.
260 _aValencia, España :
_bAsociación Francisco López de Gomara,
_c1989.
300 _a220 p. ;
_c24 cm.
490 1 _aLa corona y los pueblos americanos
_v2
830 0 _aLa corona y los pueblos americanos
_v2
_967699
999 _c40644
_d40644